El realismo dialéctico en la historia : (Record no. 169018)
[ view plain ]
| 000 -CABECERA | |
|---|---|
| campo de control de longitud fija | 00753nam a2200217 u 4500 |
| 005 - FECHA Y HORA DE LA ÚLTIMA TRANSACCIÓN | |
| campo de control | 20231115063558.0 |
| 008 - ELEMENTOS DE LONGITUD FIJA--INFORMACIÓN GENERAL | |
| campo de control de longitud fija | 140408s2006 cl r 000 0 spa d |
| 020 ## - NÚMERO INTERNACIONAL NORMALIZADO PARA LIBROS | |
| Número Internacional Estándar del Libro | 9583392588 |
| 035 ## - NÚMERO DE CONTROL DEL SISTEMA | |
| Número de control de sistema | UPN01000196917 |
| 049 ## - COLECCIÓN | |
| Colección | CG |
| 050 #4 - SIGNATURA TOPOGRÁFICA DE LA BIBLIOTECA DEL CONGRESO | |
| Número de clasificación | B809.8 |
| Número de documento/Ítem | G3.7 |
| 100 1# - ASIENTO PRINCIPAL--NOMBRE PERSONAL | |
| Nombre de persona | García Nossa, Antonio, |
| Fechas asociadas al nombre | 1912-1982 |
| 9 (RLIN) | 35432 |
| 245 13 - MENCIÓN DE TÍTULO | |
| Título | El realismo dialéctico en la historia : |
| Resto del título | la crisis del marxismo como filosofía de interpretación de la historia / |
| Mención de responsabilidad, etc. | Antonio García ; pról. Pablo Guadarrama González. |
| 260 ## - PUBLICACIÓN, DISTRIBUCIÓN, ETC. | |
| Lugar de publicación, distribución, etc. | Bogotá : |
| Nombre del editor, distribuidor, etc. | Humanismo y Sociedad, |
| Fecha de publicación, distribución, etc. | 2006. |
| 300 ## - DESCRIPCIÓN FÍSICA | |
| Extensión | 243 p. |
| 650 #4 - ASIENTO SECUNDARIO DE MATERIA - TERMINO TEMATICO | |
| Término de materia o nombre geográfico como elemento de entrada | Materialismo dialéctico |
| 9 (RLIN) | 4555 |
| 650 #4 - ASIENTO SECUNDARIO DE MATERIA - TERMINO TEMATICO | |
| Término de materia o nombre geográfico como elemento de entrada | MATERIALISMO HISTORICO |
| 9 (RLIN) | 22617 |
| 650 #4 - ASIENTO SECUNDARIO DE MATERIA - TERMINO TEMATICO | |
| Término de materia o nombre geográfico como elemento de entrada | Filosofía marxista |
| 9 (RLIN) | 5578 |
| 905 ## - TIPO DE MATERIAL | |
| Tipo de material | Libro |
| Estado de retiro | Estado de pérdida | Fuente del sistema de clasificación o colocación | Estado dañado | No para préstamo | Código de colección | Localización permanente | Ubicación/localización actual | Ubicación en estantería | Total de préstamos | Clasificación | Código de barras | En préstamo | Fecha visto por última vez | Número de copia | Tipo de ítem Koha |
|---|---|---|---|---|---|---|---|---|---|---|---|---|---|---|---|
| Library of Congress Classification | Colección General | Bib. Gregorio Torres Quintero | Bib. Gregorio Torres Quintero | Planta baja | 1 | B809.8 G3.7 | 296624 | 14/01/2016 | 31/12/2020 | 1 | Libro |
